[Event "Reykjavik TR CC Opinn"]
[Site "Reykjavik"]
[Date "2018.09.12"]
[Round "2.1"]
[White "Helgadottir, Idunn"]
[Black "Davidsson, Joshua"]
[Result "0-1"]
[WhiteElo "1212"]
[BlackElo "1500"]
[PlyCount "68"]
[EventDate "2018.09.09"]
[EventType "swiss"]
[EventRounds "7"]
[EventCountry "ISL"]
[SourceTitle "EXT 2024"]
[Source "ChessBase"]
[SourceDate "2023.10.10"]
[SourceVersion "1"]
[SourceVersionDate "2023.10.10"]
[SourceQuality "1"]

1. e4 c5 2. Nf3 e6 3. d4 cxd4 4. Nxd4 Nc6 5. Nc3 Bb4 6. Bd2 Nxd4 7. a3 Ba5 8. Nb5 Nxb5 9. Bxb5 a6 10. Ba4 b5 11. b4 Bb6 12. Bb3 Nf6 13. e5 Ne4 14. Be3 Bxe3 15. fxe3 Qh4+ 16. g3 Nxg3 17. hxg3 Qxh1+ 18. Ke2 Qxd1+ 19. Rxd1 0-0 20. c4 bxc4 21. Bxc4 Rd8 22. Rd4 Bb7 23. a4 h6 24. a5 Bc6 25. Kd3 f6 26. exf6 gxf6 27. Rd6 Kf7 28. Kd4 Ke7 29. Kc5 Rg8 30. Rd3 Rg5+ 31. Kb6 Rb8+ 32. Kxa6 Rxb4 33. Ba2 Rg8 34. e4 Ra8# 0-1

[Event "Reykjavik Congress"]
[Site "Reykjavik"]
[Date "2018.02.04"]
[Round "8"]
[White "Gunnlaugsson, Arnor"]
[Black "Davidsson, Joshua"]
[Result "0-1"]
[WhiteElo "1229"]
[BlackElo "1496"]
[PlyCount "74"]
[EventDate "2018.01.10"]
[EventType "swiss"]
[EventRounds "9"]
[EventCountry "ISL"]
[SourceTitle "CBM 182 Extra"]
[Source "ChessBase"]
[SourceDate "2018.02.23"]
[SourceVersion "1"]
[SourceVersionDate "2018.02.23"]
[SourceQuality "1"]

1. e4 c5 2. Nf3 e6 3. d4 cxd4 4. Nxd4 Nc6 5. Nc3 Bb4 6. Ndb5 Nge7 7. Bg5 0-0 8. Qg4 f6 9. Bh6 Ng6 10. Bf4 e5 11. Bc4+ Kh8 12. Bd2 d5 13. Qe2 dxc4 14. Qxc4 a6 15. Na3 Bxa3 16. bxa3 Nd4 17. Nd5 Be6 18. Bb4 Rc8 19. Qd3 Nxc2+ 20. Kd2 Nxb4 21. Nxb4 Qxd3+ 22. Nxd3 Rfd8 23. Rac1 Nf4 24. Rxc8 Bxc8 25. Rd1 Rxd3+ 26. Kc2 Rxd1 27. Kxd1 Nxg2 28. h4 Nxh4 29. f3 Nxf3 30. a4 h5 31. a5 h4 32. a4 h3 33. Ke2 h2 34. Kf2 h1Q 35. Ke2 Qg2+ 36. Ke3 Be6 37. Kd3 Qd2# 0-1

[Event "Reykjavik Congress"]
[Site "Reykjavik"]
[Date "2018.01.17"]
[Round "3"]
[White "Davidsson, Joshua"]
[Black "Thorisson, Benedikt"]
[Result "1/2-1/2"]
[WhiteElo "1496"]
[BlackElo "1143"]
[PlyCount "131"]
[EventDate "2018.01.10"]
[EventType "swiss"]
[EventRounds "9"]
[EventCountry "ISL"]
[SourceTitle "CBM 182 Extra"]
[Source "ChessBase"]
[SourceDate "2018.02.23"]
[SourceVersion "1"]
[SourceVersionDate "2018.02.23"]
[SourceQuality "1"]

1. e4 c5 2. Nc3 e6 3. Bc4 a6 4. a4 Nc6 5. f4 d6 6. Nf3 Nf6 7. 0-0 b6 8. d3 Bb7 9. e5 dxe5 10. fxe5 Nxe5 11. Nxe5 Qd4+ 12. Kh1 Qxe5 13. Bf4 Qh5 14. Qxh5 Nxh5 15. Bc7 Rc8 16. Bxb6 Bd6 17. Ne4 Be7 18. Rae1 Nf6 19. Nxf6+ Bxf6 20. Ba5 0-0 21. Bc3 Bxc3 22. bxc3 Rfd8 23. Rf2 Rb8 24. Ref1 Rd7 25. a5 Bc6 26. Bxa6 Ra8 27. Bc4 Bd5 28. Bb5 Re7 29. c4 Bb7 30. Ra1 Bc8 31. c3 Rea7 32. Rfa2 Ba6 33. Bxa6 Rxa6 34. Rb2 g6 35. Rb5 Rc6 36. g3 Kg7 37. Kg2 Kf6 38. Kf3 Kf5 39. d4 e5 40. d5 Rc7 41. g4+ Kg5 42. d6 e4+ 43. Kxe4 Rd7 44. Kd5 Kxg4 45. a6 Raa7 46. Rg1+ Kh3 47. Rb7 Raxb7 48. axb7 Rxb7 49. Kc6 Rb2 50. d7 Rd2 51. Kc7 Kxh2 52. Rf1 f5 53. d8Q Rxd8 54. Kxd8 Kg2 55. Rd1 f4 56. Kd7 f3 57. Rd2+ f2 58. Kd6 Kg1 59. Rd1+ f1Q 60. Rxf1+ Kxf1 61. Kxc5 g5 62. Kd5 g4 63. c5 g3 64. c6 g2 65. c7 g1Q 66. c8Q 1/2-1/2

[Event "Reykjavik Taflfelag op"]
[Site "Reykjavik"]
[Date "2017.09.08"]
[Round "2"]
[White "Davidsson, Joshua"]
[Black "Gunnlaugsson, Arnor"]
[Result "1-0"]
[WhiteElo "1414"]
[BlackElo "1191"]
[PlyCount "83"]
[EventDate "2017.09.06"]
[EventType "swiss"]
[EventRounds "9"]
[EventCountry "ISL"]
[SourceTitle "CBM 180 Extra"]
[Source "ChessBase"]
[SourceDate "2017.10.06"]
[SourceVersion "1"]
[SourceVersionDate "2017.10.06"]
[SourceQuality "1"]

1. e4 c5 2. Nf3 e6 3. d4 cxd4 4. Nxd4 Nc6 5. Nc3 Bc5 6. Be3 Qc7 7. Ndb5 Qb6 8. Nd6+ Ke7 9. Na4 Qa5+ 10. Nc3 Bxd6 11. Bd3 Bb4 12. Bd2 Nf6 13. a3 Bxc3 14. Bxc3 Qg5 15. 0-0 d5 16. f4 Qh4 17. Be1 Qh5 18. Be2 Qh6 19. e5 Ne4 20. Bd3 Nc5 21. Bb5 Bd7 22. c4 a6 23. cxd5 axb5 24. dxc6 Bxc6 25. Qd6+ Ke8 26. Qxc5 Qg6 27. Bg3 Qe4 28. Qf2 h5 29. Rfe1 Qd5 30. Rad1 Qc4 31. Bh4 Rh6 32. Qb6 Qd5 33. Rxd5 exd5 34. Qc7 Bd7 35. Qc5 g5 36. Bxg5 f6 37. Bxh6 Kf7 38. exf6 Rg8 39. Qe7+ Kg6 40. Qxd7 Kxh6 41. Re7 Rg4 42. Rh7+ 1-0

[Event "Reykjavik op"]
[Site "Reykjavik"]
[Date "2016.03.15"]
[Round "9"]
[White "Ontiveros, John"]
[Black "Davidsson, Joshua"]
[Result "1-0"]
[WhiteElo "1729"]
[BlackElo "1411"]
[PlyCount "77"]
[EventDate "2016.03.08"]
[EventType "swiss"]
[EventRounds "10"]
[EventCountry "ISL"]
[SourceTitle "CBM 171 Extra"]
[Source "ChessBase"]
[SourceDate "2016.04.26"]
[SourceVersion "1"]
[SourceVersionDate "2016.04.26"]
[SourceQuality "1"]

1. d4 d5 2. c4 e6 3. Nf3 Nf6 4. Nc3 Be7 5. e3 Nbd7 6. Bd3 0-0 7. 0-0 h6 8. cxd5 exd5 9. b3 b6 10. Bb2 Bb7 11. Rc1 c5 12. a4 Rc8 13. Qe2 Ne4 14. Rfd1 Ndf6 15. dxc5 Nxc5 16. Bc2 Qc7 17. Nb5 Qb8 18. Be5 Qa8 19. Nc7 Rxc7 20. Bxc7 Nce4 21. Bxe4 dxe4 22. Nd4 Nd5 23. Nf5 Bf6 24. Qg4 Kh8 25. Nd4 Kg8 26. Bg3 Rd8 27. Bh4 Bxh4 28. Qxh4 Nb4 29. Rc7 Nd5 30. Rxb7 Rc8 31. Rd7 Nf6 32. Re7 Nd5 33. Re5 Nc3 34. Rf1 a5 35. g4 Qa6 36. Nb5 Ne2+ 37. Kg2 Qb7 38. Nd6 Qc7 39. Qe7 1-0